[Event "Mississauga Spring op"]
[Site "Mississauga CAN"]
[Date "2019.03.23"]
[Round "1.4"]
[White "Bu, Kevin"]
[Black "Talukdar, Rohan"]
[Result "0-1"]
[WhiteElo "1978"]
[BlackElo "2461"]
[PlyCount "116"]
[EventDate "2019.03.22"]
[EventType "swiss"]
[EventRounds "5"]
[EventCountry "CAN"]

1. d4 Nf6 2. Nf3 g6 3. Bf4 Bg7 4. h3 O-O 5. e3 d6 6. Be2 c5 7. c3 Nbd7 8. O-O
b6 9. Na3 Bb7 10. c4 Ne4 11. Rb1 cxd4 12. exd4 d5 13. Re1 Ndf6 14. Qb3 dxc4 15.
Bxc4 Rc8 16. Rbd1 a6 17. Ng5 Nxg5 18. Bxg5 b5 19. Bf1 Bd5 20. Qb4 Re8 21. Bxf6
Bxf6 22. b3 Bg5 23. Re2 Bf4 24. Nc2 Bd6 25. Qd2 Bb8 26. Ne1 e6 27. g3 Qb6 28.
Bg2 Rcd8 29. Bxd5 Rxd5 30. Nf3 Red8 31. Qe3 e5 32. Qh6 Qf6 33. Kg2 Qg7 34. Qh4
f5 35. Rde1 e4 36. Ng5 Re8 37. Kh2 Rxd4 38. Nf3 Rd3 39. Ng1 Rc8 40. f3 Rf8 41.
Re3 Bxg3+ 42. Qxg3 f4 43. Qf2 fxe3 44. Rxe3 Qd4 45. Re2 Qxf2+ 46. Rxf2 exf3 47.
Kg3 g5 48. Nxf3 h5 49. Kg2 g4 50. hxg4 hxg4 51. Ne5 Rxf2+ 52. Kxf2 Rd2+ 53. Ke3
Rxa2 54. Nxg4 Rb2 55. Ne5 Rxb3+ 56. Nd3 Kf7 57. Kd2 Rxd3+ 58. Kxd3 Ke6 0-1

[Event "Mississauga Spring op"]
[Site "Mississauga CAN"]
[Date "2019.03.23"]
[Round "1.5"]
[White "Li, William"]
[Black "Momic, Jovan"]
[Result "1-0"]
[WhiteElo "2274"]
[BlackElo "2004"]
[PlyCount "69"]
[EventDate "2019.03.22"]
[EventType "swiss"]
[EventRounds "5"]
[EventCountry "CAN"]

1. e4 c5 2. Nf3 Nc6 3. Bb5 d6 4. O-O Bd7 5. Re1 e5 6. c3 a6 7. Bf1 Nf6 8. d4
cxd4 9. cxd4 exd4 10. Nxd4 Be7 11. Nc3 O-O 12. Bf4 Qb6 13. Nb3 Ne5 14. Be3 Qd8
15. f4 Neg4 16. Bd4 Nh6 17. a4 Be6 18. f5 Bd7 19. h3 d5 20. e5 Ne4 21. Nxd5
Bxf5 22. Bb6 Qd7 23. Rxe4 Qe6 24. Nxe7+ Qxe7 25. Re1 Qb4 26. Bc5 Qf4 27. Bxf8
Rxf8 28. Qd2 Qh4 29. Nd4 Rd8 30. Nxf5 Nxf5 31. Qf2 Qg5 32. Rad1 Rc8 33. Qd2 Qh4
34. Qd7 Rf8 35. Qxf5 1-0

[Event "Mississauga Spring op"]
[Site "Mississauga CAN"]
[Date "2019.03.23"]
[Round "1.6"]
[White "Papneja, Arul"]
[Black "Morrison, Robert"]
[Result "0-1"]
[WhiteElo "1905"]
[BlackElo "2269"]
[PlyCount "58"]
[EventDate "2019.03.22"]
[EventType "swiss"]
[EventRounds "5"]
[EventCountry "CAN"]

1. d4 Nf6 2. Bf4 g6 3. Nc3 Bg7 4. e4 d6 5. Qd2 c6 6. h3 b5 7. a3 Nbd7 8. Nf3
Nb6 9. g4 h5 10. g5 Nfd7 11. Bg3 O-O 12. Nh4 e5 13. d5 cxd5 14. Nxb5 Nc5 15.
exd5 Ne4 16. Qe3 Nxg5 17. Nxd6 Nxd5 18. Qc5 Nf4 19. O-O-O Nge6 20. Qe3 Qc7 21.
Ng2 Rb8 22. Nb5 Rxb5 23. Bxb5 Nxg2 24. Qb3 Ngf4 25. c3 Nd4 26. Qc4 Nxb5 27.
Qxb5 Bf5 28. h4 Rb8 29. Qa4 Bh6 0-1

[Event "Mississauga Spring op"]
[Site "Mississauga CAN"]
[Date "2019.03.23"]
[Round "1.7"]
[White "Aniunoh, Chike"]
[Black "Khachaturov, Vadim"]
[Result "1-0"]
[WhiteElo "2133"]
[BlackElo "2008"]
[PlyCount "127"]
[EventDate "2019.03.22"]
[EventType "swiss"]
[EventRounds "5"]
[EventCountry "CAN"]

1. e4 e5 2. Nf3 Nf6 3. Bc4 Nc6 4. d3 Be7 5. Nbd2 O-O 6. Bb3 d6 7. c3 Bg4 8. h3
Bh5 9. Nf1 a5 10. Ng3 Bg6 11. Nh4 b5 12. a4 b4 13. Bg5 Rb8 14. Ngf5 Nd7 15.
Nxe7+ Nxe7 16. O-O Nc5 17. Bc4 Qd7 18. Bb5 Qe6 19. cxb4 axb4 20. Qg4 Qxg4 21.
hxg4 f6 22. Nxg6 hxg6 23. Be3 Ne6 24. Bc4 Kf7 25. f4 exf4 26. Bxf4 Nc6 27. g5
Ke7 28. gxf6+ gxf6 29. Be3 Na5 30. Rac1 c6 31. d4 Rfc8 32. Ba6 Rc7 33. Rf2 c5
34. d5 Ng7 35. g4 Nb3 36. Rcf1 Rf8 37. Bg5 Ne8 38. Bb5 Ra7 39. Bxe8 Kxe8 40.
Bxf6 Rxa4 41. Rh2 Ra7 42. g5 Raf7 43. Rh6 Rg8 44. Rf2 Ra7 45. Rh3 Na5 46. e5
dxe5 47. Bxe5 Nc4 48. Bf6 Nd6 49. Re3+ Kf7 50. Be7+ Nf5 51. Bxc5 Ra5 52. Bxb4
Ra1+ 53. Kg2 Kg7 54. Bc3+ Kf7 55. d6 Rd8 56. Re7+ Kg8 57. Rxf5 gxf5 58. d7 Raa8
59. g6 Kf8 60. Rf7+ Kg8 61. Bf6 Ra6 62. Bxd8 Rxg6+ 63. Kf2 Kxf7 64. Ba5 1-0

[Event "Mississauga Spring op"]
[Site "Mississauga CAN"]
[Date "2019.03.23"]
[Round "1.9"]
[White "Surya, Benito"]
[Black "Xu, Eddie"]
[Result "1/2-1/2"]
[WhiteElo "2113"]
[BlackElo "2015"]
[PlyCount "123"]
[EventDate "2019.03.22"]
[EventType "swiss"]
[EventRounds "5"]
[EventCountry "CAN"]

1. e4 e5 2. Nf3 Nc6 3. Bb5 a6 4. Bxc6 dxc6 5. Nc3 Bd6 6. d4 f6 7. dxe5 Bxe5 8.
Qxd8+ Kxd8 9. Nxe5 fxe5 10. Bg5+ Nf6 11. O-O-O+ Ke8 12. f3 Be6 13. h3 h6 14.
Bh4 Nh5 15. g4 Nf4 16. Bg3 g5 17. Bxf4 gxf4 18. Na4 b6 19. b3 Kf7 20. Nb2 Kf6
21. Nd3 c5 22. c4 Rad8 23. h4 Bf7 24. Kc2 a5 25. Rdg1 Rdg8 26. g5+ Ke6 27. gxh6
Rxg1 28. Rxg1 Rxh6 29. Rg5 Rh5 30. Kd1 Kf6 31. Ke2 Bg6 32. Kf1 Rxh4 33. Rxe5 c6
34. Kg2 Rh7 35. Nxf4 Kxe5 36. Nxg6+ Kd4 37. Nf4 Kc3 38. e5 Kb2 39. Nd5 Kxa2 40.
Nxb6 Kxb3 41. f4 a4 42. Nxa4 Kxa4 43. e6 Re7 44. f5 Kb4 45. Kf3 Kxc4 46. Ke4
Kb3 47. Ke5 c4 48. f6 Rxe6+ 49. Kxe6 c3 50. f7 c2 51. f8=Q c1=Q 52. Qb8+ Kc4
53. Qb6 c5 54. Qa6+ Kc3 55. Qa5+ Kd4 56. Qd8+ Kc4 57. Qd5+ Kb4 58. Qb7+ Kc3 59.
Qf3+ Kb2 60. Qe2+ Kc3 61. Qf3+ Kd4 62. Qd5+ 1/2-1/2

[Event "Mississauga Spring op"]
[Site "Mississauga CAN"]
[Date "2019.03.23"]
[Round "1.10"]
[White "Ahmed, Syed Ibrahim"]
[Black "Jiang, Brian"]
[Result "0-1"]
[WhiteElo "2037"]
[BlackElo "2189"]
[PlyCount "54"]
[EventDate "2019.03.22"]
[EventType "swiss"]
[EventRounds "5"]
[EventCountry "CAN"]

1. d4 Nf6 2. c4 e6 3. Nf3 b6 4. g3 Ba6 5. Qc2 c5 6. Bg2 Bb7 7. e3 Be7 8. O-O
O-O 9. Rd1 Nc6 10. a3 cxd4 11. Nxd4 Nxd4 12. Rxd4 Bxg2 13. Kxg2 Qc7 14. b3 Rac8
15. Nc3 b5 16. Kg1 bxc4 17. Rxc4 Qb7 18. Ne2 d5 19. Rxc8 Rxc8 20. Qd3 Ne4 21.
Rb1 Ng5 22. Nd4 e5 23. h4 Ne4 24. Ne2 Qc6 25. Bb2 Qc2 26. Qxc2 Rxc2 27. f3 Nd2
0-1

[Event "Mississauga Spring op"]
[Site "Mississauga CAN"]
[Date "2019.03.23"]
[Round "2.1"]
[White "Jiang, Brian"]
[Black "Krnan, Tomas"]
[Result "1/2-1/2"]
[WhiteElo "2189"]
[BlackElo "2512"]
[PlyCount "115"]
[EventDate "2019.03.22"]
[EventType "swiss"]
[EventRounds "5"]
[EventCountry "CAN"]

1. d4 Nf6 2. c4 g6 3. Nc3 Bg7 4. e4 d6 5. f3 O-O 6. Be3 Nc6 7. Nge2 a6 8. Qd2
Rb8 9. Rb1 Nd7 10. h4 h5 11. b4 Nb6 12. Nc1 e5 13. d5 Nd4 14. Nb3 Bf6 15. Nxd4
exd4 16. Bxd4 Bxh4+ 17. Kd1 Nd7 18. g4 c5 19. dxc6 bxc6 20. gxh5 Qg5 21. Qxg5
Bxg5 22. hxg6 fxg6 23. Rg1 Bf6 24. Bxf6 Rxf6 25. Be2 Ne5 26. Kd2 Rxf3 27. Rxg6+
Nxg6 28. Bxf3 Ne5 29. Be2 Be6 30. b5 axb5 31. cxb5 cxb5 32. Rxb5 Ra8 33. a4 Kf7
34. Rb7+ Kf6 35. Bb5 Nc4+ 36. Kd3 Na5 37. Rh7 Rg8 38. Ne2 Rg5 39. Kc3 Ke5 40.
Re7 Kf6 41. Ra7 Nb3 42. Nf4 Nc5 43. Bc6 Rg4 44. Nxe6 Kxe6 45. Kd4 Nb3+ 46. Ke3
Nc5 47. Bd5+ Ke5 48. Re7+ Kf6 49. Rf7+ Kg6 50. Ra7 Rg3+ 51. Kd4 Ra3 52. a5 Ra4+
53. Ke3 Kf6 54. Ra8 Ra3+ 55. Ke2 Ke5 56. Re8+ Kd4 57. Rd8 Rxa5 58. Rxd6 1/2-1/2

[Event "Mississauga Spring op"]
[Site "Mississauga CAN"]
[Date "2019.03.23"]
[Round "2.2"]
[White "Talukdar, Rohan"]
[Black "Aniunoh, Chike"]
[Result "1-0"]
[WhiteElo "2461"]
[BlackElo "2133"]
[PlyCount "201"]
[EventDate "2019.03.22"]
[EventType "swiss"]
[EventRounds "5"]
[EventCountry "CAN"]

1. e4 e6 2. d4 d5 3. Nd2 dxe4 4. Nxe4 Bd7 5. Nf3 Bc6 6. Bd3 Nd7 7. O-O Be7 8.
c3 Ngf6 9. Ned2 O-O 10. Qe2 Bxf3 11. Nxf3 c5 12. Rd1 Qc7 13. Bg5 Bd6 14. dxc5
Nxc5 15. Bxf6 gxf6 16. Bc2 Rad8 17. Rd4 f5 18. Rad1 Be7 19. h3 Bf6 20. Rxd8
Rxd8 21. Rxd8+ Qxd8 22. Qc4 Nd7 23. Qb5 Qc7 24. a4 Ne5 25. Nd4 Nc4 26. Qe8+ Kg7
27. Qb5 a6 28. Qb4 Be7 29. Qb3 Bd6 30. Bd3 Na5 31. Qd1 Nc6 32. Nc2 Be5 33. Ne3
Bf4 34. Qf3 Qe5 35. Be2 Qe4 36. Qxe4 fxe4 37. Nc4 Kf6 38. g3 Bc1 39. Nd6 Bxb2
40. Nxb7 Nb8 41. Nc5 Ke5 42. Bxa6 Nxa6 43. Nxa6 Bxc3 44. Nc5 Bd4 45. Nb3 Ba7
46. Kf1 Kd5 47. Ke2 f5 48. Nd2 e5 49. Nb1 Kc4 50. Nd2+ Kb4 51. g4 fxg4 52. hxg4
Kxa4 53. Nxe4 Kb5 54. Ng5 Kc6 55. Nxh7 Kd6 56. Ng5 Kd5 57. f3 Bc5 58. Kd3 Be7
59. Ne4 Bb4 60. Nf2 Bc5 61. Ne4 Bb4 62. Ng3 Be7 63. Nf5 Bg5 64. Ne3+ Ke6 65.
Ke4 Bd8 66. Nc2 Ba5 67. Na1 Bc7 68. Nb3 Bb6 69. Nc1 Bc5 70. Nd3 Bd6 71. Nb2 Bb8
72. Na4 Ba7 73. Nc3 Bb6 74. Nb5 Ba5 75. Na7 Bb6 76. Nc6 Bc7 77. Nb4 Bb6 78. Nd3
Bc7 79. Nc5+ Kf6 80. Kd5 Ke7 81. Nd3 Kf6 82. Nc5 Ke7 83. Na6 Bd6 84. g5 e4 85.
Kxe4 Ke6 86. f4 Kf7 87. f5 Kg7 88. Kd5 Bf4 89. g6 Kf6 90. Nb4 Bd2 91. Nd3 Bc3
92. Ke4 Ba1 93. Kf4 Bc3 94. Kg4 Bd4 95. Nf4 Bb2 96. Nd5+ Kg7 97. Kg5 Bc1+ 98.
Kh5 Ba3 99. f6+ Kf8 100. g7+ Kf7 101. Kh6 1-0

[Event "Mississauga Spring op"]
[Site "Mississauga CAN"]
[Date "2019.03.23"]
[Round "2.4"]
[White "Morrison, Robert"]
[Black "Chakkoli, Shiva"]
[Result "1-0"]
[WhiteElo "2269"]
[BlackElo "1882"]
[PlyCount "49"]
[EventDate "2019.03.22"]
[EventType "swiss"]
[EventRounds "5"]
[EventCountry "CAN"]

1. e4 e5 2. Nf3 Nc6 3. Nc3 Bb4 4. Nd5 Ba5 5. Bc4 d6 6. O-O Nf6 7. d4 h6 8. dxe5
Nxe5 9. Nxe5 dxe5 10. f4 exf4 11. Rxf4 Nxd5 12. Qh5 Bb6+ 13. Kh1 O-O 14. exd5
Qd6 15. Bd2 Bd7 16. Raf1 f6 17. Rh4 f5 18. Bf4 Qf6 19. Rh3 Be8 20. Qe2 Bf7 21.
Be5 Qe7 22. Rg3 g5 23. Rxf5 Rae8 24. Qd3 Qc5 25. Rfxg5+ 1-0

[Event "Mississauga Spring op"]
[Site "Mississauga CAN"]
[Date "2019.03.23"]
[Round "2.6"]
[White "Xu, Eddie"]
[Black "Hua, Eugene"]
[Result "0-1"]
[WhiteElo "2016"]
[BlackElo "2432"]
[PlyCount "48"]
[EventDate "2019.03.22"]
[EventType "swiss"]
[EventRounds "5"]
[EventCountry "CAN"]

1. e4 c5 2. Nf3 e6 3. d3 Nc6 4. g3 g6 5. Bg2 Bg7 6. O-O Nge7 7. c3 d5 8. Qe2
dxe4 9. dxe4 O-O 10. e5 Qc7 11. Re1 b6 12. Nbd2 a5 13. Nf1 Ba6 14. Qe4 Rad8 15.
Bg5 Bd3 16. Qf4 Rd7 17. Rad1 c4 18. Bh6 Bxh6 19. Qxh6 Nf5 20. Qf4 f6 21. g4
fxe5 22. Nxe5 Nh4 23. Qg5 Nxg2 24. Kxg2 Bxf1+ 0-1

[Event "Mississauga Spring op"]
[Site "Mississauga CAN"]
[Date "2019.03.23"]
[Round "2.7"]
[White "Sapozhnikov, Roman"]
[Black "Feng, Richard"]
[Result "1-0"]
[WhiteElo "2308"]
[BlackElo "2085"]
[PlyCount "65"]
[EventDate "2019.03.22"]
[EventType "swiss"]
[EventRounds "5"]
[EventCountry "CAN"]

1. e4 c5 2. Nf3 d6 3. d4 cxd4 4. Nxd4 Nf6 5. Nc3 g6 6. Be3 Bg7 7. f3 O-O 8. Qd2
Nc6 9. O-O-O d5 10. Kb1 Rb8 11. Ndb5 dxe4 12. Qxd8 Rxd8 13. Rxd8+ Nxd8 14. Bxa7
Ra8 15. fxe4 Be6 16. Bc5 Nxe4 17. Nxe4 Bxa2+ 18. Kc1 Bh6+ 19. Kd1 Bd5 20. Nbc3
Bc4 21. Ba3 Be6 22. Bd3 Nc6 23. Ke2 Bg4+ 24. Kf2 Ne5 25. Bxe7 f5 26. Nd6 Kg7
27. h3 Bh5 28. Re1 Nc6 29. Bh4 f4 30. Nd5 Ra5 31. Bf6+ Kg8 32. Bc4 g5 33. Nxf4+
1-0

[Event "Mississauga Spring op"]
[Site "Mississauga CAN"]
[Date "2019.03.23"]
[Round "2.8"]
[White "Nasirov, Ilyas"]
[Black "Liu, Henry"]
[Result "1-0"]
[WhiteElo "2024"]
[BlackElo "2083"]
[PlyCount "61"]
[EventDate "2019.03.22"]
[EventType "swiss"]
[EventRounds "5"]
[EventCountry "CAN"]

1. d4 d5 2. c4 e6 3. Nc3 Nf6 4. Bg5 Be7 5. e3 Nbd7 6. Nf3 h6 7. Bf4 O-O 8. Bd3
c5 9. O-O cxd4 10. exd4 dxc4 11. Bxc4 Nb6 12. Bb3 Nbd5 13. Be5 Re8 14. Rc1 b6
15. Re1 Ba6 16. Ba4 Nxc3 17. bxc3 b5 18. Bc2 Nd5 19. Qd3 g6 20. a4 Qa5 21. Qd2
Kh7 22. axb5 Bxb5 23. Be4 Rac8 24. Bxd5 exd5 25. Qf4 f5 26. h4 Rxc3 27. Rxc3
Qxc3 28. h5 Bg5 29. hxg6+ Kxg6 30. Qg3 Bd7 31. Nh4+ 1-0

[Event "Mississauga Spring op"]
[Site "Mississauga CAN"]
[Date "2019.03.23"]
[Round "2.9"]
[White "Loadman, Ian"]
[Black "Bu, Kevin"]
[Result "1-0"]
[WhiteElo "2095"]
[BlackElo "1978"]
[PlyCount "69"]
[EventDate "2019.03.22"]
[EventType "swiss"]
[EventRounds "5"]
[EventCountry "CAN"]

1. e4 Nf6 2. e5 Nd5 3. d4 d6 4. Bc4 Nb6 5. Bb3 Nc6 6. e6 fxe6 7. Nh3 g6 8. Ng5
Bh6 9. Nxe6 Bxe6 10. Bxh6 Bxb3 11. axb3 Qd7 12. O-O a6 13. d5 Ne5 14. Bg7 Rg8
15. Bxe5 dxe5 16. c4 O-O-O 17. Nc3 Qf5 18. Qe2 e6 19. dxe6 Rge8 20. Rfd1 Rxe6
21. Rxd8+ Kxd8 22. Ne4 Nd7 23. Rd1 Ke8 24. Qd3 Re7 25. Qd5 b6 26. Rd3 Rg7 27.
Rf3 Qh5 28. Qe6+ Kd8 29. Nf6 Nxf6 30. Qxf6+ Re7 31. Qf8+ Kd7 32. Rd3+ Ke6 33.
Qc8+ Kf6 34. Rf3+ Kg5 35. Qd8 1-0

[Event "Mississauga Spring op"]
[Site "Mississauga CAN"]
[Date "2019.03.23"]
[Round "2.10"]
[White "Momic, Jovan"]
[Black "Ahmed, Syed Ibrahim"]
[Result "0-1"]
[WhiteElo "2004"]
[BlackElo "2037"]
[PlyCount "54"]
[EventDate "2019.03.22"]
[EventType "swiss"]
[EventRounds "5"]
[EventCountry "CAN"]

1. d4 f5 2. c4 Nf6 3. Nc3 g6 4. Nf3 Bg7 5. Bg5 O-O 6. Qb3 b6 7. Ne5 c5 8. dxc5
bxc5 9. g3 Na6 10. Bg2 Rb8 11. Qc2 Nb4 12. Qd2 Ne4 13. Nxe4 fxe4 14. Ng4 d5 15.
Nh6+ Kh8 16. Rd1 Nxa2 17. Bxe4 Rxb2 18. Qxd5 Qxd5 19. Bxd5 Nc3 20. O-O e6 21.
Ra1 exd5 22. cxd5 Nxe2+ 23. Kg2 Bb7 24. Ng4 Bxd5+ 25. Kh3 Be6 26. Kh4 Rb4 27.
f4 Bxa1 0-1

[Event "Mississauga Spring op"]
[Site "Mississauga CAN"]
[Date "2019.03.23"]
[Round "2.11"]
[White "Khachaturov, Vadim"]
[Black "Papneja, Arul"]
[Result "1/2-1/2"]
[WhiteElo "2008"]
[BlackElo "1905"]
[PlyCount "145"]
[EventDate "2019.03.22"]
[EventType "swiss"]
[EventRounds "5"]
[EventCountry "CAN"]

1. e4 c5 2. Nf3 d6 3. d4 cxd4 4. Nxd4 Nf6 5. Nc3 a6 6. Be3 e5 7. Nb3 Be6 8. f3
Be7 9. Qd2 O-O 10. O-O-O Nbd7 11. g4 b5 12. g5 Nh5 13. Re1 Nb6 14. Kb1 Nc4 15.
Bxc4 bxc4 16. Nc1 g6 17. N1e2 Rb8 18. Nd5 Bxd5 19. Qxd5 Qc7 20. Nc3 Rb4 21. a3
Rb7 22. Ka2 Rfb8 23. Rb1 Ng7 24. Qd2 Qc6 25. Rhd1 Ne8 26. Nd5 Bf8 27. h4 Nc7
28. Qa5 Nxd5 29. Qxd5 Qa4 30. b3 cxb3+ 31. cxb3 Qd7 32. h5 Rb5 33. Qc4 Rc8 34.
Qd3 a5 35. a4 Rb4 36. hxg6 fxg6 37. Qd5+ Qf7 38. Qxa5 Rc2+ 39. Ka1 Rxb3 40.
Rxb3 Qxb3 41. Qd5+ Qxd5 42. Rxd5 Rc3 43. Bd2 Ra3+ 44. Kb2 Rxa4 45. Kb3 Ra7 46.
Bb4 Kf7 47. Bxd6 Bxd6 48. Rxd6 Ke7 49. Rc6 Kd7 50. Rf6 Ke7 51. Kc4 Rd7 52. Ra6
Kf7 53. Rb6 Ke7 54. Rf6 Rd4+ 55. Kc5 Rd3 56. Kc4 Rd4+ 57. Kc3 Rd7 58. Rc6 Kf7
59. Kc4 Ke7 60. Rb6 Kf7 61. Rf6+ Ke7 62. Kc5 Rd4 63. Kc6 Ra4 64. Kd5 Ra5+ 65.
Kc4 Ra4+ 66. Kd3 Ra3+ 67. Ke2 Ra2+ 68. Kf1 Rh2 69. Ra6 Rh5 70. Kf2 Kf7 71. Ra7+
Kg8 72. Ra8+ Kg7 73. Ra7+ 1/2-1/2

[Event "Mississauga Spring op"]
[Site "Mississauga CAN"]
[Date "2019.03.23"]
[Round "3.1"]
[White "Morrison, Robert"]
[Black "Talukdar, Rohan"]
[Result "1-0"]
[WhiteElo "2269"]
[BlackElo "2461"]
[PlyCount "67"]
[EventDate "2019.03.22"]
[EventType "swiss"]
[EventRounds "5"]
[EventCountry "CAN"]

1. e4 c5 2. Nf3 d6 3. Bc4 Nc6 4. O-O Nf6 5. Re1 e6 6. Bb3 Be7 7. c3 O-O 8. d4
Qc7 9. dxc5 dxc5 10. e5 Nd7 11. Qe2 Rd8 12. Bf4 Nf8 13. Bg3 Bd7 14. Nbd2 Na5
15. Bc2 Bc6 16. h4 c4 17. Ne4 Qb6 18. Rab1 Bd5 19. Nfg5 h6 20. Nh3 Nc6 21. Qg4
Kh8 22. Qf4 Nd7 23. Neg5 Rf8 24. Nxf7+ Kg8 25. Nxh6+ gxh6 26. Qg4+ Kh8 27. Qg6
Rf5 28. Nf4 Qc5 29. Nxe6 Bxe6 30. Qxh6+ Kg8 31. Qxe6+ Rf7 32. Bg6 Raf8 33.
Bxf7+ Rxf7 34. Qxd7 1-0

[Event "Mississauga Spring op"]
[Site "Mississauga CAN"]
[Date "2019.03.23"]
[Round "3.2"]
[White "Krnan, Tomas"]
[Black "Nasirov, Ilyas"]
[Result "1-0"]
[WhiteElo "2512"]
[BlackElo "2024"]
[PlyCount "77"]
[EventDate "2019.03.22"]
[EventType "swiss"]
[EventRounds "5"]
[EventCountry "CAN"]

1. e4 e6 2. d4 d5 3. Bd3 dxe4 4. Bxe4 Nf6 5. Bf3 c5 6. Ne2 Be7 7. Nbc3 O-O 8.
Be3 cxd4 9. Qxd4 Nc6 10. Bxc6 bxc6 11. O-O-O Qa5 12. Qa4 Qc7 13. Qc4 Nd5 14.
Nxd5 exd5 15. Qc3 Be6 16. Nf4 Bd6 17. Nd3 Rab8 18. h3 Rb5 19. Nc5 Be5 20. Bd4
Bxd4 21. Rxd4 Qd6 22. b4 a5 23. a3 axb4 24. axb4 Rfb8 25. Re1 Bf5 26. g4 Bd7
27. f4 h5 28. f5 Qh6+ 29. Qe3 Qxe3+ 30. Rxe3 Be8 31. gxh5 f6 32. h6 g5 33. Re7
Bh5 34. Nd7 Bf7 35. Nxb8 Rxb8 36. h4 Kf8 37. Rc7 Kg8 38. hxg5 fxg5 39. Rg4 1-0

[Event "Mississauga Spring op"]
[Site "Mississauga CAN"]
[Date "2019.03.23"]
[Round "3.3"]
[White "Hua, Eugene"]
[Black "Jiang, Brian"]
[Result "1-0"]
[WhiteElo "2432"]
[BlackElo "2189"]
[PlyCount "101"]
[EventDate "2019.03.22"]
[EventType "swiss"]
[EventRounds "5"]
[EventCountry "CAN"]

1. e4 c5 2. Nf3 Nc6 3. Bb5 e6 4. Bxc6 bxc6 5. d3 Ne7 6. Qe2 d5 7. b3 Ng6 8. h4
h5 9. e5 Be7 10. g3 Qa5+ 11. Bd2 Qc7 12. Bc3 f5 13. Nbd2 Bd8 14. Bb2 Qa5 15. c4
Rb8 16. O-O Rb7 17. Rfc1 d4 18. Kg2 Rf7 19. Rh1 Be7 20. a3 Qc7 21. Rae1 Bd7 22.
Ng5 Bxg5 23. hxg5 f4 24. Qe4 Rf5 25. Nf3 Ke7 26. a4 Kd8 27. Ba3 Qb6 28. Rb1 a5
29. Rhf1 Rhf8 30. Rbe1 Kc8 31. Rb1 Be8 32. Rbe1 Kb7 33. Rb1 Ka6 34. Rbe1 Nh8
35. Rb1 Nf7 36. b4 axb4 37. a5 Qc7 38. Bxb4 cxb4 39. Rxb4 Nxe5 40. Rb6+ Ka7 41.
Nxd4 fxg3 42. f4 Nxd3 43. Nxf5 Rxf5 44. Qxe6 Bd7 45. Qg6 Rxf4 46. Rfb1 Rf2+ 47.
Kg1 h4 48. Rb7+ Qxb7 49. Rxb7+ Kxb7 50. Qxg7 Kc8 51. Qh8+ 1-0

[Event "Mississauga Spring op"]
[Site "Mississauga CAN"]
[Date "2019.03.23"]
[Round "3.4"]
[White "Li, William"]
[Black "Sapozhnikov, Roman"]
[Result "0-1"]
[WhiteElo "2274"]
[BlackElo "2308"]
[PlyCount "130"]
[EventDate "2019.03.22"]
[EventType "swiss"]
[EventRounds "5"]
[EventCountry "CAN"]

1. e4 c5 2. Nf3 e6 3. d4 cxd4 4. Nxd4 Nc6 5. Nc3 Qc7 6. Be2 a6 7. O-O Nf6 8.
Be3 Be7 9. f4 d6 10. Bf3 O-O 11. Nxc6 bxc6 12. Na4 d5 13. e5 Nd7 14. c4 dxc4
15. Qe2 Bb7 16. Be4 g6 17. Qxc4 c5 18. Rac1 Nb6 19. Nxb6 Qxb6 20. Rf2 Bxe4 21.
Qxe4 Rfd8 22. g4 Rab8 23. f5 Bh4 24. Re2 Be7 25. f6 Bf8 26. b3 Qb4 27. Rc4 Rd1+
28. Kg2 Qb5 29. Qf3 Rbd8 30. Rec2 R1d5 31. Qf4 Qa5 32. Bf2 Qb5 33. g5 Qb8 34.
Re2 Qb5 35. h4 Qa5 36. Be1 Qb5 37. Bc3 Rd1 38. h5 R8d3 39. Qe4 Qd7 40. hxg6
fxg6 41. Rf2 Kf7 42. b4 Qd5 43. Re2 Rc1 44. Qxd5 Rxd5 45. bxc5 Rd3 46. Rb2
Rcxc3 47. Rb7+ Kg8 48. Rxc3 Rxc3 49. Rb6 Rxc5 50. Rxe6 Kf7 51. Rxa6 Rxe5 52.
Ra7+ Kg8 53. a4 Rxg5+ 54. Kf3 Rf5+ 55. Ke4 Rxf6 56. a5 Bc5 57. Rc7 Bb4 58. Ra7
h5 59. a6 Bf8 60. Ke5 Rb6 61. Kf4 Bh6+ 62. Ke5 h4 63. Ke4 h3 64. Kf3 Rb3+ 65.
Kf2 Be3+ 0-1

[Event "Mississauga Spring op"]
[Site "Mississauga CAN"]
[Date "2019.03.23"]
[Round "3.5"]
[White "Chakkoli, Shiva"]
[Black "Ahmed, Syed Ibrahim"]
[Result "0-1"]
[WhiteElo "1882"]
[BlackElo "2037"]
[PlyCount "50"]
[EventDate "2019.03.22"]
[EventType "swiss"]
[EventRounds "5"]
[EventCountry "CAN"]

1. c4 e5 2. Nc3 Nc6 3. e4 Bc5 4. Nge2 Nf6 5. h3 d6 6. d3 h6 7. g3 Be6 8. Bg2 g5
9. Be3 Nd4 10. Na4 Bb4+ 11. Bd2 Bxd2+ 12. Qxd2 Qd7 13. Nac3 c5 14. Nxd4 cxd4
15. Ne2 b5 16. f4 gxf4 17. gxf4 Rg8 18. Bf1 Qc6 19. cxb5 Qxb5 20. f5 Bd7 21.
Rc1 d5 22. Qxh6 Qa5+ 23. Kf2 dxe4 24. Qxf6 e3+ 25. Kf3 Qd5# 0-1

[Event "Mississauga Spring op"]
[Site "Mississauga CAN"]
[Date "2019.03.23"]
[Round "3.7"]
[White "Surya, Benito"]
[Black "Khachaturov, Vadim"]
[Result "1-0"]
[WhiteElo "2113"]
[BlackElo "2008"]
[PlyCount "47"]
[EventDate "2019.03.22"]
[EventType "swiss"]
[EventRounds "5"]
[EventCountry "CAN"]

1. e4 c5 2. Nf3 d6 3. d4 cxd4 4. Nxd4 Nf6 5. Nc3 a6 6. Bc4 e6 7. Bb3 Be7 8. Qf3
O-O 9. O-O Qc7 10. Qg3 Re8 11. Bd2 b5 12. a3 Nc6 13. Nxc6 Qxc6 14. Rae1 Bb7 15.
f4 d5 16. e5 Ne4 17. Nxe4 dxe4 18. f5 Bc5+ 19. Kh1 exf5 20. Rxf5 Re7 21. Ref1
Rf8 22. Rf6 Re6 23. Bh6 g6 24. Bxe6 1-0

[Event "Mississauga Spring op"]
[Site "Mississauga CAN"]
[Date "2019.03.23"]
[Round "3.8"]
[White "Feng, Richard"]
[Black "Xu, Eddie"]
[Result "0-1"]
[WhiteElo "2085"]
[BlackElo "2016"]
[PlyCount "56"]
[EventDate "2019.03.22"]
[EventType "swiss"]
[EventRounds "5"]
[EventCountry "CAN"]

1. e4 e5 2. Nf3 Nc6 3. Bc4 Bc5 4. c3 Nf6 5. d3 d6 6. Bb3 Bb6 7. Nbd2 Ng4 8. O-O
O-O 9. h3 Nh6 10. Nc4 Kh8 11. Bg5 Qe8 12. Bxh6 gxh6 13. Nxb6 axb6 14. Nh4 Ne7
15. Qh5 Kg7 16. f4 Ng6 17. f5 Nf4 18. f6+ Kh8 19. Qxh6 Rg8 20. Rf3 Bxh3 21. Kh2
Be6 22. Rxf4 exf4 23. Rh1 Rg5 24. Kg1 Qg8 25. Kf2 Bxb3 26. Nf5 Rxa2 27. Kf1
Rxg2 28. Ng7 Rgxb2 0-1

[Event "Mississauga Spring op"]
[Site "Mississauga CAN"]
[Date "2019.03.23"]
[Round "3.9"]
[White "Papneja, Arul"]
[Black "Momic, Jovan"]
[Result "0-1"]
[WhiteElo "1905"]
[BlackElo "2004"]
[PlyCount "40"]
[EventDate "2019.03.22"]
[EventType "swiss"]
[EventRounds "5"]
[EventCountry "CAN"]

1. d4 d5 2. Bf4 Nf6 3. e3 e6 4. Nf3 c5 5. c3 Nc6 6. Nbd2 c4 7. b3 b5 8. a4 b4
9. cxb4 c3 10. Nb1 Bxb4 11. Qc2 Qa5 12. Bd3 Bb7 13. O-O O-O 14. Rc1 Rac8 15.
Qe2 h6 16. h3 Ne4 17. Ra2 Ne7 18. Ne1 Nd2 19. Qd1 a6 20. Nc2 Nxb3 0-1

[Event "Mississauga Spring op"]
[Site "Mississauga CAN"]
[Date "2019.03.24"]
[Round "4.1"]
[White "Krnan, Tomas"]
[Black "Morrison, Robert"]
[Result "1-0"]
[WhiteElo "2512"]
[BlackElo "2269"]
[PlyCount "51"]
[EventDate "2019.03.22"]
[EventType "swiss"]
[EventRounds "5"]
[EventCountry "CAN"]

1. e4 e5 2. Nf3 Nc6 3. Bb5 a6 4. Ba4 Nge7 5. O-O g6 6. d4 exd4 7. Nxd4 Bg7 8.
c3 O-O 9. Bg5 h6 10. Nxc6 bxc6 11. Be3 f5 12. Nd2 fxe4 13. Nxe4 Nf5 14. Bc5 Re8
15. Re1 Kh7 16. Qb3 Re5 17. f4 Re6 18. Bf2 Nd6 19. Nxd6 Rxe1+ 20. Rxe1 cxd6 21.
Qb4 Qf8 22. Bc2 a5 23. Qe4 Qf7 24. Qe7 Qxe7 25. Rxe7 c5 26. Bh4 1-0